000 01200nam a2200229Ia 4500
001 L232-6727
003 IT-CnALBA
008 170116s9999||||xx |||||||||||||| ||und||
040 _aIT-CnALBA
_cIT-CnALBA
041 _aITALIANO
100 _aBERGAMASCHI PIETRO, MONS. DOTT.
245 0 _aLA PASSIONE DI GESÙ.
250 _a5a ed.
260 _aMILANO
_bDAVERIO GIOVANNI EDITORE
_c1929 [1° Ed.: n.d.]
300 _a366 p. (prefazione: 5)
500 _aOMAGGIO A CRISTO REDENTORE. QUARANTA MEDITAZIONI. IL CUORE DI GESÙ E IL SACRIFICIO DELLA CROCE. PENE INTERIORI DI GESÙ. TRISTEZZA TIMORE TEDIO. SUDORE DI SANGUE, ORAZIONE. CARITÀ DEL CUORE DI GESÙ. INVITO DI VIGILANZA AGLI APOSTOLI. CATTURA CONDANNA CROCI
501 _aSocietà San Paolo EM - Piazza San Paolo, 14 - 12051 ALBA (CN) (non commercial uses only) ® Copyright 2017
520 _aOMAGGIO A CRISTO REDENTORE. QUARANTA MEDITAZIONI. IL CUORE DI GESÙ E IL SACRIFICIO DELLA CROCE. PENE INTERIORI DI GESÙ. TRISTEZZA TIMORE TEDIO. SUDORE DI SANGUE, ORAZIONE. CARITÀ DEL CUORE DI GESÙ. INVITO DI VIGILANZA AGLI APOSTOLI. CATTURA CONDANNA CROCI
650 _aVITA E MISTERO DI CRISTO
942 _cBK
957 _71
999 _a7703
_bSI
_g Copie: 1
_c265909
_d265909